| 000 | 00669cam a22002533a 4500 | ||
|---|---|---|---|
| 001 | 18442 | ||
| 003 | PGUSA | ||
| 005 | 20140828083407.0 | ||
| 008 | 060523s2006||||xxu|||||s|||||000 | eng d | ||
| 040 |
_aPGUSA _beng |
||
| 042 | _adc | ||
| 050 | 4 | _aPZ | |
| 100 | 1 |
_aBaldwin, James, _d1841-1925 |
|
| 245 | 1 | 0 |
_aFifty Famous Stories Retold _h[electronic resource] / _cJames Baldwin |
| 260 |
_bProject Gutenberg, _c2006 |
||
| 506 | _aPublic domain in the USA. | ||
| 516 | _aElectronic text | ||
| 653 | _aFolklore | ||
| 653 | _aHistory | ||
| 653 | _aReaders | ||
| 830 | 0 |
_aProject Gutenberg _v18442 |
|
| 856 | 4 | 0 | _uhttp://www.gutenberg.org/ebooks/18442 |
| 942 | _cEB | ||
| 999 |
_c247697 _d247697 |
||